| 000 | 00509nam a2200181 a 4500 | ||
|---|---|---|---|
| 001 | 1080 | ||
| 005 | 20140414131956.0 | ||
| 008 | 041020s19uu xx 00 eng d | ||
| 020 | _a0-19-838125-5 | ||
| 050 |
_aTR 372.3 _bH34 1994 |
||
| 100 | _aHall, Godfrey | ||
| 245 |
_aAt home with science 1. ages 5-7 / _cGodfrey Hall. |
||
| 260 |
_aOxford : _bOxford Workbooks, _c1994. |
||
| 300 | _a64 p. : ill. ; cm. | ||
| 440 | _aNew Oxford Workbooks | ||
| 650 |
_aScience _xJuvenile literature. |
||
| 999 |
_c112935 _d112935 |
||